000
00264nam a2200109 4500
999
_c
6523
_d
6523
008
XXVI
020
_a
9978-1-84480-667-6
_c
XXVI
050
_a
339 MAN
100
_a
N. GREGORY MANKIW AND MARK P. TAYLOR
245
_a
MICROECONOMICS
260
_a
WASHINGTON;
_b
THOMSON,
_c
2006.